Glycated Hemoglobin, Fasting Insulin and the Metabolic Syndrome in Males. Cross-Sectional Analyses of the Aragon Workers' Health Study Baseline. (Registro nro. 17043)
[ vista simple ]
| 000 -CABECERA | |
|---|---|
| Campo de control de longitud fija | nab a22 7a 4500 |
| 003 - IDENTIFICADOR DEL NÚMERO DE CONTROL | |
| Campo de control | PC17043 |
| 005 - FECHA Y HORA DE LA ÚLTIMA TRANSACCIÓN | |
| Campo de control | 20221102110429.0 |
| 008 - CÓDIGOS DE INFORMACIÓN DE LONGITUD FIJA | |
| Campo de control de longitud fija | 221102b xxu||||| |||| 00| 0 eng d |
| 040 ## - FUENTE DE LA CATALOGACIÓN | |
| Centro transcriptor | H12O |
| 041 ## - CÓDIGO DE LENGUA | |
| Código de lengua del texto/banda sonora o título independiente | eng |
| 100 ## - PUNTO DE ACCESO PRINCIPAL - NOMBRE DE PERSONA | |
| 9 (RLIN) | 1893 |
| Nombre de persona | Andrés Esteban, Eva |
| Término indicativo de función | Instituto de Investigación i+12 |
| 245 00 - MENCIÓN DE TÍTULO | |
| Título | Glycated Hemoglobin, Fasting Insulin and the Metabolic Syndrome in Males. Cross-Sectional Analyses of the Aragon Workers' Health Study Baseline. |
| Tipo de material | [artículo] |
| 260 ## - PUBLICATION, DISTRIBUTION, ETC. (IMPRINT) | |
| Nombre del editor distribuidor etc. | PloS one, |
| Fecha de publicación distribución etc. | 2015 |
| 300 ## - DESCRIPCIÓN FÍSICA | |
| Extensión | e0132244. |
| 500 ## - NOTA GENERAL | |
| Nota general | Formato Vancouver: Saravia G, Civeira F, Hurtado Roca Y, Andrés E, León M, Pocovi M et al. Glycated Hemoglobin, Fasting Insulin and the Metabolic Syndrome in Males. Cross-Sectional Analyses of the Aragon Workers' Health Study Baseline. PLoS One. 2015 Aug 4;10(8):e0132244. |
| 501 ## - NOTA DE “CON” | |
| Nota de "Con" | PMID: 26241903 PMC4524641 |
| 504 ## - NOTA DE BIBLIOGRAFÍA; ETC. | |
| Nota de bibliografía etc. | Contiene 35 referencias |
| 520 ## - NOTA DE SUMARIO; ETC. | |
| Sumario etc. | Background and aims: Glycated hemoglobin (HbA1c) is currently used to diagnose diabetes mellitus, while insulin has been relegated to research. Both, however, may help understanding the metabolic syndrome and profiling patients. We examined the association of HbA1c and fasting insulin with clustering of metabolic syndrome criteria and insulin resistance as two essential characteristics of the metabolic syndrome. Methods: We used baseline data from 3200 non-diabetic male participants in the Aragon Workers' Health Study. We conducted analysis to estimate age-adjusted odds ratios (ORs) across tertiles of HbA1c and insulin. Fasting glucose and Homeostatic model assessment - Insulin Resistance were used as reference. Here we report the uppermost-to-lowest tertile ORs (95%CI). Results: Mean age (SD) was 48.5 (8.8) years and 23% of participants had metabolic syndrome. The ORs for metabolic syndrome criteria tended to be higher across HbA1c than across glucose, except for high blood pressure. Insulin was associated with the criteria more strongly than HbA1c and similarly to Homeostatic model assessment - Insulin Resistance (HOMA-IR). For metabolic syndrome, the OR of HbA1c was 2.68, of insulin, 11.36, of glucose, 7.03, and of HOMA-IR, 14.40. For the clustering of 2 or more non-glycemic criteria, the OR of HbA1c was 2.10, of insulin, 8.94, of glucose, 1.73, and of HOMA-IR, 7.83. All ORs were statistically significant. The areas under the receiver operating characteristics curves for metabolic syndrome were 0.670 (across HbA1c values) and 0.770 (across insulin values), and, for insulin resistance, 0.647 (HbA1c) and 0.995 (insulin). Among non-metabolic syndrome patients, a small insulin elevation identified risk factor clustering. Conclusions: HbA1c and specially insulin levels were associated with metabolic syndrome criteria, their clustering, and insulin resistance. Insulin |
| 710 ## - PUNTO DE ACCESO ADICIONAL - NOMBRE DE ENTIDAD | |
| 9 (RLIN) | 625 |
| Nombre de entidad o nombre de jurisdicción como elemento inicial | Instituto de Investigación imas12 |
| 856 ## - LOCALIZACIÓN Y ACCESO ELECTRÓNICOS | |
| Identificador Uniforme del Recurso (URI) | https://www.ncbi.nlm.nih.gov/pmc/articles/PMC4524641/ |
| Acceso | Acceso libre |
| 942 ## - ENTRADA PARA ELEMENTOS AGREGADOS (KOHA) | |
| Fuente de clasificación o esquema de ordenación en estanterías | |
| Koha [por defecto] tipo de item | Artículo |
| Suprimido en OPAC | Público |
| Suprimido | Estado de pérdida | Fuente de clasificación o esquema de ordenación en estanterías | Estropeado | No para préstamo | Localización permanente | Localización actual | Fecha de adquisición | Signatura completa | Fecha última consulta | Fecha del precio de reemplazo | Tipo de item de Koha |
|---|---|---|---|---|---|---|---|---|---|---|---|
| Hospital Universitario 12 de Octubre | Hospital Universitario 12 de Octubre | 2022-11-02 | PC17043 | 2022-11-02 | 2022-11-02 | Artículo |








